000 00488nam a2200181Ia 4500
003 GCL
008 140319s9999 xx 000 0 ara d
040 _aGCL /
_cGCL
082 0 4 _aط
_b813.0876
_bك ع
100 1 _aكامل كيلانى
245 1 0 _aالعنكب الحزين /
_cكامل كيلانى
300 _a48 ص
490 _aقصص علمية
_v0
650 0 4 _aالاطفال
650 0 4 _aقصص الاطفال
650 0 4 _aالقصص العلمية
942 _2ddc
_cBK
999 _c38942
_d38942